| 000 | 01459nam a2200337 c 4500 | ||
|---|---|---|---|
| 003 | BLK | ||
| 005 | 20180420214335.0 | ||
| 008 | 180412b bul|||||r ||||||| ||bul|| | ||
| 010 | _aKNG00009970000 | ||
| 040 | _aBLK | ||
| 080 |
_aПровидение. Вяра в съдбата. Фатализъм. Предопределеност. Вж и 124;231 _b214 _x _z214 |
||
| 080 |
_aДруги видове терапия. Биоенерготерапия. _b615.85 _x _z615.85 |
||
| 100 | 1 |
_aЛазарев, Сергей Николаевич _eпърви автор _9253646 |
|
| 139 |
_aЛазарев, Сергей Николаевич _bЛ 14 |
||
| 245 | 1 | 0 |
_aДиагностика на кармата _bЧ. 1 - _cСергей Николаевич Лазарев. _nЧ. 1 _pСистема за саморегулация на полето |
| 257 | _aRUS | ||
| 260 |
_аСофия _bАБГ Принт _c1995 |
||
| 300 | _c19 см | ||
| 380 | _a2 | ||
| 500 | _aБез сведение за ориг. загл. - Офс. изд. | ||
| 650 | 4 |
_aСъдба _9172897 |
|
| 650 | 4 |
_aБиоенергетика _9148659 |
|
| 650 | 4 |
_aБиотерапия _9148730 |
|
| 653 | _aдиагностика | ||
| 760 | 1 |
_aЛазарев, Сергей Николаевич _d1995 _h165 с. _tЧ. 1 Система за саморегулация на полето |
|
| 852 | _aЦб 185844 | ||
| 856 | 4 |
_qpdf _u |
|
| 856 | 4 |
_qpdf _u |
|
| 942 |
_cKNG _n0 |
||
| 944 |
_aCR _c15.01.2003 _kAB_DOS |
||
| 944 |
_aED _c15.01.2003 _k |
||
| 999 |
_c8612 _d8612 |
||